00534 a2200157 4500010001400000020002600014035001300040037001600053082001100069100002100080245009500101260004500196270006300241300002300304500004900327 aENG-89128 a9780195695717c395.00 aEN-72661 bDBAD / PUB14a300.721 aBhargava, Rajeev1 aIndividualism in social science :cby Rajeev Bhargavabforms and limits of a methodology / aNew DelhibOxford University Pressc2008 aYMCA Library Building, Jai Singh RoadbNew Delhie110 001 a271p.c22cm (pbk) aIncludes bibliographial references and index